01421nam a22003497a 45000010005000000030009000050050017000140070005000310080029000360200015000650400025000800820026001051000019001312400043001502450134001932500006003272600034003333000020003674400008003874900022003955900026004176500028004436500033004717000034005047000051005389100041005899420012006309520134006429520139007769520139009159990017010540075DO-SdBPM20250605110219.00075151110b2002 sp ||00| 0 spa d a8477209677 aDO-SdBPMbspacBPMSU 4a813.5bF533c 20022221 aFisher, Robert aThe knight in rusty armourlEspañol 13aEl caballero de la armadura oxidada /cRobert Fisher ; ilustración Mario Diniz ; traducción Verónica De Ornellas Radziwill  a  aBarcelona : bObelisco,c2002 a92 p. ;c21 cm. 6Nue0 aNueva conciencia  aInventariado, 2025/VM 4aNovela estadounidenses  4aConducta (Ética) vNovela 1 aDiniz, Mario eilustraciones 1 aOrnellas Radziwill, Verónica de etraductor  aVMateo V. Control de calidad. BPMSU  2ddccBK 00102ddc40708CJ-GaBPMETbBPMETd2016-07-18e FUNDIl0oBPMSU CJG 813.5 F533c 2002pBPMSU16070523r2016-07-18w2016-07-18yBK 00102ddc40708CJ-GaBPMETbBPMETd2016-07-18e FUNDIl0oBPMSU CJG 813.5 F533c 2002pBPMSU25060013r2025-06-05te.2w2016-07-18yBK 00102ddc40708CJ-GaBPMETbBPMETd2016-07-18e FUNDIl0oBPMSU CJG 813.5 F533c 2002pBPMSU25060014r2025-06-05te.3w2016-07-18yBK c10928d10928